000
00348nam a2200169Ia 4500
100
_a
Boyle/Godfrey
650
_a
Energy
250
_a
2
942
_c
BK
366
_f
20
245
_a
Renewable energy
260
_b
Oxford university press
_c
2004
082
_a
621.042
_b
BOY
300
_a
452
546
_a
ENGLISH
_c
PAMPHALETS
999
_c
22691
_d
22691